LIBRARY & INFORMATION CENTRE, KCAET, TAVANUR

ONLINE PUBLIC ACCESS CATALOGUE (OPAC)

Practical fluid mechanics for engineering applications / (Record no. 13917)

MARC details
000 -LEADER
fixed length control field 00851cam a22002054a 4500
003 - CONTROL NUMBER IDENTIFIER
control field OSt
008 - FIXED-LENGTH DATA ELEMENTS--GENERAL INFORMATION
fixed length control field 220207b ||||| |||| 00| 0 eng d
020 ## - INTERNATIONAL STANDARD BOOK NUMBER
ISBN 082479575X (alk. paper)
020 ## - INTERNATIONAL STANDARD BOOK NUMBER
ISBN 9780824795757
082 00 - DEWEY DECIMAL CLASSIFICATION NUMBER
Classification number 620.106
100 1# - MAIN ENTRY--AUTHOR NAME
Personal name Bloomer, John J.,
245 10 - TITLE STATEMENT
Title Practical fluid mechanics for engineering applications /
250 ## - EDITION STATEMENT
Edition statement Indian Edition
260 ## - PUBLICATION, DISTRIBUTION, ETC. (IMPRINT)
Place of publication New York :
Name of publisher Marcel Dekker,
Year of publication c2000.
300 ## - PHYSICAL DESCRIPTION
Number of Pages ix, 392 p. :
Other physical details ill. ;
490 1# - SERIES STATEMENT
Series statement Mechanical engineering ;
505 ## - FORMATTED CONTENTS NOTE
Formatted contents note <br/>*Basic Concepts of Fluid Mechanics<br/>*Fluid Statics<br/>*Equations of Fluid Motion<br/>*Flow in Pipes<br/>*Flow in Open Channels<br/>*Flow Measurement in Closed Conduits<br/>*Forces on Immersed Objects<br/>*Unsteady Flow <br/>*Appendix A Conversion Factors<br/>*Fluid Properties<br/><br/><br/> <br/> <br/><br/> <br/> <br/><br/><br/><br/><br/> <br/>
650 #0 - SUBJECT ADDED ENTRY--TOPICAL TERM
Topical Term Fluid mechanics.
942 ## - ADDED ENTRY ELEMENTS (KOHA)
Koha item type Books
Holdings
Withdrawn status Lost status Damaged status Collection code Home library Current library Shelving location Date acquired Source of acquisition Full call number Accession Number Koha item type
      Non-fiction KAUAET KAUAET General Stacks 30/03/2013 Calicut Book Distributors 620.106 23647 Books
free website counter